000 00757nam a2200193 a 4500
001 000041617
005 20201002035652.0
008 131014s1984 sp ae 000 0 spa d
020 _z8400056203
040 _aDO-SdBNP
_bspa
_cBNPHU
082 _axxx
100 1 _aGutiérrez Ronco, Sicilia
_968396
245 1 3 _aLa función hotelera de Madrid /
_cSicilia Gutiérrez Ronco : prólogo José Manuel Casas Torres.
260 _aMadrid :
_bConsejo Superior de Investigaciones Científicas
_bInstituto de Geografía Aplicada,
_c1984.
300 _a322 p. :
_bil., + 1 plan. ;
_c24 cm.
504 _aBibliografía: p. 287-295
500 _aIncluye referencias bibliográficas y notas al pie de las páginas.
700 1 2 _aCasas Torres, José Manuel
_epról.
_963034
999 _c41107
_d41107